|
|
|
|
| LEADER |
01357nam a2200313 a 4500 |
| 001 |
1655691 |
| 008 |
971121s1997 enka b 001 0 eng d |
| 010 |
|
|
|a 97048334
|
| 020 |
|
|
|a 0340700629
|
| 020 |
|
|
|a 0340614137 (pbk.)
|
| 040 |
|
|
|a DLC
|c DLC
|d DLC
|
| 082 |
0 |
0 |
|a 820.9/9287
|2 21
|
| 100 |
1 |
|
|a Pearce, Lynne.
|
| 245 |
1 |
0 |
|a Feminism and the politics of reading /
|c Lynne Pearce.
|
| 260 |
|
|
|a London ;
|a New York :
|b Arnold ;
|a New York :
|b Distributed exclusively in the USA by St. Martin's Press,
|c 1997.
|
| 300 |
|
|
|a xii, 274 p. :
|b ill. ;
|c 24 cm.
|
| 504 |
|
|
|a Includes bibliographical references (p. [262]-268) and index.
|
| 541 |
1 |
|
|e 00013064
|
| 650 |
|
0 |
|a English literature
|x History and criticism
|x Theory, etc.
|
| 650 |
|
0 |
|a Feminism and literature
|z Great Britain
|x History
|y 20th century.
|
| 650 |
|
0 |
|a English literature
|x Women authors
|x History and criticism
|x Theory, etc.
|
| 650 |
|
0 |
|a Women
|x Books and reading
|x Political aspects.
|
| 650 |
|
0 |
|a Reader-response criticism.
|
| 650 |
|
0 |
|a Feminism and literature.
|
| 650 |
|
0 |
|a Women and literature.
|
| 650 |
|
0 |
|a Authors and readers.
|
| 852 |
4 |
|
|a Ayesha Abed Library
|j General Shelf.
|
| 999 |
|
|
|c 2398
|d 2398
|
| 952 |
|
|
|0 0
|1 0
|2 ddc
|4 0
|6 820_992870000000000_PEA
|7 0
|9 2218
|a BRACUL
|b BRACUL
|c GEN
|d 2009-07-14
|g 2220.00
|l 13
|m 21
|o 820.99287 PEA
|p 3010013064
|q 2026-06-17
|r 2025-10-20
|s 2025-10-20
|t 1
|w 2009-07-14
|y BK
|